| 000 | 00721nmc a2200289 a 4500 | ||
|---|---|---|---|
| 003 | AR-Y00000XR | ||
| 005 | 20251128211611.0 | ||
| 008 | 277020s1996 ||||||||||||||000 | spa|| | ||
| 020 | _a1-85326-369-9 | ||
| 040 | _cAR-Y00000XR | ||
| 100 | 1 | _aFreedman, Terry | |
| 245 | 1 | 0 | _aThe Wordsworth dictionary of cliché |
| 246 | 1 | _aDictionary of cliché | |
| 260 |
_aHertfordshire _bWordsworth Editions _c1996 |
||
| 300 | 0 | _a288 p. | |
| 490 | 0 | _aWordsworth Reference | |
| 650 | 4 | _aDICCIONARIOS | |
| 650 | 4 | _aESTEREOTIPOS | |
| 650 | 4 | _aINGLES | |
| 650 | 4 | _aPROVERBIOS | |
| 650 | 4 | _aETIMOLOGIA | |
| 653 | 0 | _aREFRANES | |
| 655 | _aREFERENCIA | ||
| 700 | 1 | _aFreedman, David | |
| 942 | _cBK | ||
| 998 | _cmi-desc | ||
| 999 |
_c20377 _d20377 |
||